00915nam a2200205 a 450000100060000000300090000600800410001504000280005608200230008410000330010724500720014026000610021230000080027350502490028165000350053065000350056565000350060065000390063565000350067422484CO-ViMGA141112s2004 ck r 000 u spa d aCO-ViMGAbspacCO-ViMGA04a327.86097285 D319c1 aDíaz Martínez, Antolín10aControversia Colombia Nicaragua y el diferendo colombo - venezolano aBogotá : bUniversidad Cooperativa de Colombia, c2004 a167 aEl diferendo colombo - nicarguense 15 - 19 - - Fundamentos histórico - jurídicos para contestar la demanda de nicaragua , similitud de antecedentes con la perdida de panamá 27 - 35 - - Diferendo colombo - nicaraguense en derecho 37 - 49 14aCOLOMBIA - LIMITES - NICARAGUA14aCOLOMBIA - LIMITES - VENEZUELA14aNICARAGUA - LIMITES - COLOMBIA14aTRATADOS ESGUERRA - BARCENAS, 192814aVENEZUELA - LIMITES - COLOMBIA